Zgadnij papieży po zdjęciu - Statystyki

Ogólne statystyki
  • Ten quiz został rozwiązany 21 razy
  • Średni wynik to 7 z 8
Statystyki odpowiedzi
Obrazkowy Odpowiedź % Poprawnych
Jan Paweł I
100%
Jan Paweł II
100%
Leon XIV
100%
Franciszek I
93%
Benedykt XVI
80%
Paweł VI
73%
Pius XII
73%
Jan XXIII
67%
Nie znaleziono quizów pasujących do podanych kryteriów
Rozkład punktacji
Procent ludzi z każdym wynikiem
Percentyl według liczby udzielonych odpowiedzi
Twoja historia wyników
Nie rozwiązałeś tego quizu